000 01269cam a2200325 a 4500
001 13679036
005 20170105102410.0
008 040806s2008 caua 001 0 eng
010 _a 2004017514
020 _a1575864843 (pbk. : alk. paper)
040 _aDLC
_cDLC
_dDLC
050 0 0 _aBC128
_b.B35 2008
082 0 0 _a511.3 BAR
_222
100 1 _aBarker-Plummer, Dave.
245 1 0 _aTarski's world: Revised and expanded
_cDave Barker-Plummer, Jon Barwise, & John Etchemendy in collaboration with Albert Liu.
250 _aRev. and expanded.
260 _aStanford, Calif. :
_bCSLI Publications,
_cc2008.
300 _axvii, 126 p. :
_bill.,
_c23 cm. +
_eCD-ROM (4 3/4 in.)
440 0 _aCSLI lecture notes ;
_vno. 169
504 _aIncludes indexes.
630 0 0 _aTarski's world.
650 0 _aFirst-order logic.
700 1 _aBarwise, Jon.
700 1 _aEtchemendy, John,
_d1952-
856 4 2 _3Publisher description
_uhttp://www.loc.gov/catdir/description/uchi051/2004017514.html
856 4 1 _3Table of contents
_uhttp://www.loc.gov/catdir/toc/ecip0421/2004017514.html
906 _a7
_bcbc
_corignew
_d1
_eecip
_f20
_gy-gencatlg
942 _2ddc
_cBK
999 _c12903
_d12903